Optimistické prognózy vývoja Transformačný rast bude pokračovať aj v tomto roku
Štúdiu pod názvom "Základné makroekonomické proporcie vývoja ekonomiky Slovenska v roku 1995" vypracoval kolektív Prognostického ústav SAV. Hodnotenie doterajšieho transformačného procesu ekonomiky SR. Oživenie ekonomiky, predpokladaný rast hrubého domáceho produktu. Podiel vývozu na HDP. Vyššia pro...
Enregistré dans:
| Auteur principal: | |
|---|---|
| Format: | Chapitre de livre |
| Langue: | slovaque |
| Sujets: | |
| Tags: |
Pas de tags, Soyez le premier à ajouter un tag!
|
MARC
| LEADER | 00000naa a2200000 4500 | ||
|---|---|---|---|
| 001 | r017126 | ||
| 005 | 20221205102653.8 | ||
| 041 | 0 | |a slo | |
| 044 | |a SK | ||
| 245 | 1 | 0 | |a Optimistické prognózy vývoja |b Transformačný rast bude pokračovať aj v tomto roku |c O. Schneider |
| 520 | |a Štúdiu pod názvom "Základné makroekonomické proporcie vývoja ekonomiky Slovenska v roku 1995" vypracoval kolektív Prognostického ústav SAV. Hodnotenie doterajšieho transformačného procesu ekonomiky SR. Oživenie ekonomiky, predpokladaný rast hrubého domáceho produktu. Podiel vývozu na HDP. Vyššia produktivita práce. Očakávané makroekonomické ukazovatele. Prognóza dynamiky HDP vo vybraných krajinách EÚ, USA, Japonska. | ||
| 610 | 2 | 0 | |a prognózy hospodárske |
| 610 | 2 | 0 | |a ukazovatele ekonomické |
| 610 | 2 | 0 | |a Slovensko |
| 610 | 2 | 0 | |a 1995 |
| 610 | 2 | 0 | |a oživenie |
| 610 | 2 | 0 | |a vývoz |
| 610 | 2 | 0 | |a produktivita práce |
| 610 | 2 | 0 | |a rast hospodársky |
| 610 | 2 | 0 | |a produkt domáci hrubý |
| 610 | 2 | 0 | |a Európska únia |
| 610 | 2 | 0 | |a USA |
| 610 | 2 | 0 | |a Japonsko |
| 100 | 1 | |a Schneider, O. | |